000 00966nas a2200301 4500
001 BR2010003624
003 BR-BrBNA
005 20231205114609.0
007 ta
008 230509b bl.|||p| |||| 00| 00por d
040 _aBR-BrBNA
_bpor
_cBiblioteca Nacional de Agricultura
041 _a(En)
072 _aL72
100 1 _aCarvalho, L.B. de
100 1 _aFurlong, J.
100 1 _aPrata, M.C. de A.
100 1 _aReis, E.S. dos
100 1 _aBatista, E.S. de P.
100 1 _aFaza, A.P.
100 1 _aLeite, R.C.
245 1 _aEvalution in vitro of the infection times of engorged females of Rhipicephlus (Boophilus)microplus by the entomopathogenic nematode Steinernema glaseri CCA strain
650 _aCARRAPATO
650 _aNEMATÓIDE
650 _aPRAGA DE ANIMAL
773 0 _tCiência Rural (Brazil)
_xISSN 0103-8478
_g(Apr 2010), v. 40(4) p. 939-943
_wBR2010003624
909 _a202311
_bLúcia
_c55
_dLúcia Elande
942 _2AGRIS
_n0
_cANA
999 _c209493
_d209493